ბათუმის შოთა რუსთაველის სახელმწიფო უნივერსიტეტის ბიბლიოთეკა

ჯაყოს ხიზნები ; თეთრი საყელო : (ბიბ.ჩანაწერი № 52984)

000 -ლიდერი
ფიქსირებული სიგრძის საკონტროლო ველი 01373nam a2200277Ia 4500
001 - საკონტროლო ნომერი
საკონტროლო ველი 20015
003 - საკონტროლო ნომრის იდენტიფიკატორი
საკონტროლო ველი GE_BSU
005 - ბოლო ოპერაციის თარიღი და დრო
საკონტროლო ველი 20250414122221.0
008 - ფიქსირებული სიგრძის მონაცემთა ელემენტები - ზოგადი ინფორმაცია
ფიქსირებული სიგრძის საკონტროლო ველი 181216s2014||||ge |||||||||||||| ||geo||
020 ## - წიგნის საერთაშორისო სტანდარტული ნომერი
International Standard Book Number 978-9941-21-583-4
040 ## - კატალოგიზაციის წყარო
Transcribing agency GE_BSU
041 ## - ენის კოდი
Language code of text/sound track or separate title geo
080 ## - უნივერსალური ათობითი კლასიფიკაციის ინდექსი
Universal Decimal Classification number 821.353.1-31 ჯ-14
100 ## - მთავარი ჩანაწერი - პიროვნების სახელი
Personal name ჯავახიშვილი, მ. (მიხეილ, 1880-1937)
9 (RLIN) 18780
245 ## - ცნობა სათაურის შესახებ
Title ჯაყოს ხიზნები ; თეთრი საყელო :
Remainder of title რომანები /
Statement of responsibility, etc მიხეილ ჯავახიშვილი ; რედ. სალომე ნიკოლეიშვილი ; [წინათქმა ზვიად დოლიძე].
264 ## - წარმოების, გამოცემის, დისტრიბუციის და სხვა ცნობები
გამოცემის, წარმოების, დისტრიბუციის... ადგილი თბილისი :
გამოცემის, წარმოების, დისტრიბუციის... სახელწოდება პალიტრა L,
გამოცემის, წარმოების, დისტრიბუციის... თარიღი 2014.
300 ## - ფიზიკური აღწერა
Extent 395 გვ. ;
Dimensions 22 სმ.
490 ## - სერიის ცნობა
Series statement კიდევ 49 წიგნი, რომელიც უნდა წაიკითხო, სანამ ცოცხალი ხარ, 2298-0849 ;
Volume number/sequential designation წ. 29
653 ## - INDEX TERM--UNCONTROLLED
Uncontrolled term რომანი
653 ## - INDEX TERM--UNCONTROLLED
Uncontrolled term ჯაყოს ხიზნები
653 ## - INDEX TERM--UNCONTROLLED
Uncontrolled term თეთრი საყელო
700 ## - ADDED ENTRY--PERSONAL NAME
Personal name დოლიძე, ზვიად,
Relator term წინათქმა
9 (RLIN) 24784
700 ## - ADDED ENTRY--PERSONAL NAME
Personal name ნიკოლეიშვილი, სალომე
Relator term რედაქტორი
9 (RLIN) 24785
942 ## - ADDED ENTRY ELEMENTS (KOHA)
Koha item type წიგნი
Source of classification or shelving scheme
ეგზემპლარები
ჩამოწერის სტატუსი დაკარგული ეგზემპლარის სტატუსი კლასიფიკაციის წყარო ან თაროზე გაწყობის სქემა დაზიანების სტატუსი არ გაიცემა მუდმივი მდებარეობა (დაცვის ადგილი) ამჟამინდელი ადგილსამყოფელი თაროზე განთავსების ადგილი შეძენის თარიღი ღირებულება, შესყიდვის ნორმალური ფასი სრული შენახვის შიფრი შტრიხკოდი ბოლო ოპერაციის თარიღი ეგზემპლარის მიმდევრობითი ნომერი (კეტერი?) ფასის ძალაში შესვლის თარიღი ეგზემპლარის სახეობა საჯარო შენიშვნა
          ბათუმის შოთა რუსთაველის სახელმწიფო უნივერსიტეტის მთავარი ბიბლიოთეკა ბათუმის შოთა რუსთაველის სახელმწიფო უნივერსიტეტის მთავარი ბიბლიოთეკა წიგნსაცავი 2018-12-17 12.00 821.353.1-31 ჯ-14 27846 2018-12-17 27846 2018-12-17 წიგნი 12.00₾.